Calculation in industrial electronics and instrumentation / (Record no. 10370)
[ view plain ]
| 000 -LEADER | |
|---|---|
| fixed length control field | 00517cam a2200205ua 4500 |
| 041 ## - LANGUAGE CODE | |
| Language code of text/sound track or separate title | eng |
| 082 ## - DEWEY DECIMAL CLASSIFICATION NUMBER | |
| Classification number | 621.381 076 |
| Item number | JOH/CA |
| 100 ## - MAIN ENTRY--AUTHOR NAME | |
| Personal name | John, Y K M . |
| 245 ## - TITLE STATEMENT | |
| Title | Calculation in industrial electronics and instrumentation / |
| 250 ## - EDITION STATEMENT | |
| Edition statement | 3 / |
| 260 ## - PUBLICATION, DISTRIBUTION, ETC. (IMPRINT) | |
| Place of publication | Delhi : |
| Name of publisher | Khanna publishers , |
| Year of publication | 1995. |
| 300 ## - PHYSICAL DESCRIPTION | |
| Number of Pages | 330 ; . |
| 500 ## - GENERAL NOTE | |
| General note | *CSS |
| 942 ## - ADDED ENTRY ELEMENTS (KOHA) | |
| Koha item type | Books |
| Withdrawn status | Lost status | Damaged status | Home library | Current library | Shelving location | Date acquired | Full call number | Accession Number | Koha item type |
|---|---|---|---|---|---|---|---|---|---|
| KAUAET | KAUAET | Scheme | 06/09/2018 | 621.381 076 JOH/CA | 19605 | Book Bank scheme for SC students | |||
| KAUAET | KAUAET | Scheme | 11/09/2018 | 621.381 076 JOH/CA | 19606 | Books |
